| Tag |
First Indicator |
Second Indicator |
Subfields |
| LEADER |
00000pam a2200000 a 4500 |
| 001 |
in00000087129 |
| 005 |
20151008064742.0 |
| 008 |
810617s1981 mdua b 00100 eng |
| 010 |
|
|
|a 81011604
|
| 020 |
|
|
|a 3541701315 (Munich)
|
| 020 |
|
|
|a 0806701315 (Baltimore)
|
| 035 |
|
|
|a (OCoLC)07574387
|
| 035 |
|
|
|9 AAK4735AM
|
| 039 |
0 |
|
|a 2
|b 3
|c 3
|d 3
|e 3
|
| 040 |
|
|
|a DLC
|c DLC
|d TXA
|d UtOrBLW
|
| 049 |
|
|
|a TXAM
|c [1196536]
|
| 050 |
0 |
0 |
|a RC1210
|b .S686
|
| 060 |
|
0 |
|a QT 260 S7703
|
| 082 |
0 |
|
|a 617/.1027
|2 19
|
| 245 |
0 |
0 |
|a Sports medicine :
|b fitness, training, injuries /
|c edited by Otto Appenzeller and Ruth Atkinson.
|
| 264 |
|
1 |
|a Baltimore :
|b Urban & Schwarzenberg,
|c 1981.
|
| 300 |
|
|
|a xvi, 395 pages :
|b illustrations ;
|c 24 cm.
|
| 336 |
|
|
|a text
|b txt
|2 rdacontent
|
| 337 |
|
|
|a unmediated
|b n
|2 rdamedia
|
| 338 |
|
|
|a volume
|b nc
|2 rdacarrier
|
| 504 |
|
|
|a Includes bibliographical references and index.
|
| 650 |
|
0 |
|a Sports medicine.
|
| 650 |
|
0 |
|a Physical fitness.
|
| 650 |
|
0 |
|a Physical education and training.
|
| 650 |
|
2 |
|a Athletic Injuries.
|
| 650 |
|
2 |
|a Physical Education and Training.
|
| 650 |
|
2 |
|a Sports Medicine.
|
| 650 |
|
2 |
|a Physical Exertion.
|
| 700 |
1 |
|
|a Appenzeller, Otto.
|
| 700 |
1 |
|
|a Atkinson, Ruth R.
|
| 999 |
|
|
|a MARS
|
| 999 |
f |
f |
|s cb466334-35ce-35a1-9fe4-f90bede18828
|i 476c5ec1-633c-36a5-a42e-aeebf9f9b12c
|t 0
|
| 952 |
f |
f |
|p ric
|a Texas A&M University
|b Rellis Campus
|c Joint Library Facility
|d Remote Storage
|t 0
|e RC1210 .S686
|h Library of Congress classification
|i unmediated -- volume
|m A14806231274
|
| 998 |
f |
f |
|a RC1210 .S686
|t 0
|l Remote Storage
|